UITU Library & LRC     

Shah Wali Ullah ka Falsafa (Record no. 4381)

MARC details
000 -LEADER
fixed length control field 00526nam a2200217Ia 4500
003 - CONTROL NUMBER IDENTIFIER
control field OSt
005 - DATE AND TIME OF LATEST TRANSACTION
control field 20260130161152.0
008 - FIXED-LENGTH DATA ELEMENTS--GENERAL INFORMATION
fixed length control field 240925s9999 xx 000 0 und d
020 ## - INTERNATIONAL STANDARD BOOK NUMBER
International Standard Book Number NA
040 ## - CATALOGING SOURCE
Transcribing agency aacr2
082 ## - DEWEY DECIMAL CLASSIFICATION NUMBER
Classification number 891.439 MUR
100 ## - MAIN ENTRY--PERSONAL NAME
Personal name Murtaza ,Malak Gulam
245 #0 - TITLE STATEMENT
Title Shah Wali Ullah ka Falsafa
250 ## - EDITION STATEMENT
Edition statement NA
260 ## - PUBLICATION, DISTRIBUTION, ETC.
Place of publication, distribution, etc. Lahore:
Name of publisher, distributor, etc. Serat Inter Prizz
Date of publication, distribution, etc. ,1996.
300 ## - PHYSICAL DESCRIPTION
Extent xxix,863p.
Other physical details N.A
Type of unit Pirated
500 ## - GENERAL NOTE
General note NA
600 ## - SUBJECT ADDED ENTRY--PERSONAL NAME
Personal name Humanities & Natural Science
650 ## - SUBJECT ADDED ENTRY--TOPICAL TERM
Topical term or geographic name entry element Philosophy
942 ## - ADDED ENTRY ELEMENTS (KOHA)
Koha item type Books
Source of classification or shelving scheme Dewey Decimal Classification
Holdings
Withdrawn status Lost status Source of classification or shelving scheme Damaged status Not for loan Collection Home library Current library Date acquired Total checkouts Full call number Barcode Date last seen Price effective from Koha item type
    Dewey Decimal Classification     Humanities & Basic Sciences UITU Library UITU Library 01/30/2026   181.07 MUR Q1882 01/30/2026 01/30/2026 Books

Powered by Koha